Tribhuvan University Central Library

Population status and breeding sucess of lesser adjutant stork (leptoptilos javanicus horsfield,1821) in koshi tappu wildlife reserve, Nepal (Record no. 101684)

MARC details
000 -LEADER
fixed length control field 00576nam a22001817a 4500
008 - FIXED-LENGTH DATA ELEMENTS--GENERAL INFORMATION
fixed length control field 210912b |||||||| |||| 00| 0 eng d
082 ## - DEWEY DECIMAL CLASSIFICATION NUMBER
Classification number CD18106
100 ## - MAIN ENTRY--PERSONAL NAME
Personal name Bishwas, Jitendra Kumar
-- 36424
245 ## - TITLE STATEMENT
Title Population status and breeding sucess of lesser adjutant stork (leptoptilos javanicus horsfield,1821) in koshi tappu wildlife reserve, Nepal
260 ## - PUBLICATION, DISTRIBUTION, ETC. (IMPRINT)
Place of publication, distribution, etc Kathmandu:
Date of publication, distribution, etc 2017
502 ## - DISSERTATION NOTE
Dissertation note Dissertation ( Degree in Sociology),TU
650 ## - SUBJECT ADDED ENTRY--TOPICAL TERM
Topical term or geographic name as entry element Breeding
650 ## - SUBJECT ADDED ENTRY--TOPICAL TERM
Topical term or geographic name as entry element Birds
650 ## - SUBJECT ADDED ENTRY--TOPICAL TERM
Topical term or geographic name as entry element Wildlife
650 ## - SUBJECT ADDED ENTRY--TOPICAL TERM
Topical term or geographic name as entry element Sociology
653 ## - INDEX TERM--UNCONTROLLED
Uncontrolled term Koshi tappu
942 ## - ADDED ENTRY ELEMENTS (KOHA)
Source of classification or shelving scheme Dewey Decimal Classification
Koha item type Audio Visual Materials
Holdings
Withdrawn status Lost status Source of classification or shelving scheme Damaged status Not for loan Home library Current library Date acquired Total Checkouts Full call number Barcode Date last seen Price effective from Koha item type
    Dewey Decimal Classification     Tribhuvan University Central Library Tribhuvan University Central Library 09/12/2021   CD18106 A18056 09/12/2021 09/12/2021 Audio Visual Materials